000 00724nam a2200289Ia 4500
005 20260324140214.0
008 008 260324s9999 xx 000 0 eng d
020 _a9781315246888
037 _aEBOOK
040 _aCRL
040 _beng
040 _cCRL
041 _2eng
041 _aeng
084 _qCRL
100 _aSachiko Kusukawa; Constance Blackwell
_91203523
245 0 _aPhilosophy in the Sixteenth and Seventeenth Centuries
245 0 _bConversations with Aristotle
260 _bTaylor and Francis
260 _c1999
365 _a
365 _b230
856 _uhttp://www.taylorfrancis.com/books/9781315246888
942 _cEBOOK
999 _c1805347
_d1805347